000 01080nam a2200325 i 4500
003 EG-GICUC
005 20260530180027.0
008 260530s1995 be ||||f |||| 000 0 fre d
017 _a1995/0023/10
020 _a9782802709831
020 _a2802709836
040 _aEG-GiCUC
_bfre
_cEG-GiCUC
_dEG-GiCUC
_eRda
082 0 4 _a342.35
_bAM . I
092 0 4 _221
099 _aLaw1 08 342.35 AM . I 1995 0806759 C1
100 1 _aAmselek, Paul
_eAuteur
245 1 0 _aInterprétation Et Droit /
_cPar Paul Amselek ; Avec La Collaboration De Jacques Chevallier.
264 1 _aBruxelles :
_bPresses Universitaires D'aix-marseille,
_c1995.
300 _a245 Page ;
_c24 cm.
336 _2rda contenu
_a texte
337 _2rda medias
_aOrdinateur
338 _2 transporteur rda
_a Ressource en ligne
546 _aTexte en français
650 1 4 _aDroit constitutionnel
650 1 4 _aDroits et libertés publics
700 1 _aChevallier, Jacques
_bContributeur
856 4 0 _uhttps://fll.law.cu.edu.eg/fulltext/bks/B08-06759.pdf
905 _a164
942 _2ddc
_n0
_cBK
_e21
999 _c77605
_d77605